000 00778nam a22002057a 4500
999 _c11838
_d11838
003 AR-CdUCM
008 190405b ||||| |||| 00| 0 spa d
040 _aMUNICIPALIDAD PROVINCIAL DEL CUSCO
_cBIBLIOTECA MUNICIPAL DEL CUSCO
082 _a320.982 /
_bS21
100 _aSánchez Viamonte, Carlos
_99283
245 _aEl último caudillo /
260 _aBuenos Aires :
_bEditorial claridad,
_c1930.
300 _a60 páginas ;
_c18 cm.
505 _aContenido: Pueblo multitud y partidos políticos -- El aluvión y la política -- El globo cautivo -- Caudillos y lideres -- La generación del 80 e Hipólito Irigoyen...
650 _aPolítica
_9291
650 _aGobierno
_92618
650 _aPartidos políticos
_91565
942 _2ddc
_cLIBROS
945 _adavv
_d05/04/2019